000 00275nam a2200097Ia 4500
001 663047
005 20250826160205.0
008 250824s9999 xx 000 0 und d
245 0 _aROMEO VE JULIET ANTİK DÜNYA KLASİKLERİ
_cSHAKESPEARE
260 _bANTİK DÜNYA KLASİKLERİ
999 _c663047
_d663047